Brooklyn Nine-Nine Quiz - Statistics

General Stats
  • This quiz has been taken 309 times
  • The average score is 11 of 15
Answer Stats
Question Answer % Correct
The name of Boyle's son Nikolaj
97%
And where is he from? Latvia
94%
Captain Holt's middle name Jacob
92%
The name of Captain Ray's husband Kevin
92%
Jake Peralta's favourite movie Die Hard
91%
What is Terry's favourite food? Yogurt
90%
Who does Amy Santiago end up marrying? Jake Peralta
89%
The name of the person who took everyone's cases The Vulture
87%
The names of all three of the Sarge's daughters Cagney, Lacey, Ava
84%
Who is the 'most boring man in America'? Teddy
84%
Captain Stentley's short name C.J
80%
Where is the place in Florida where Captain Ray and Jake go undercover Coral Palms
68%
What is the position of Wuntch Deputy Chief
30%
The name of the captain before Holt McGintley
30%
The precinct where Holt and the Sarge worked together before 1-8
20%
No matching quizzes found
Score Distribution
Percent of People with Each Score
Percentile by Number Answered
Your Score History
You have not taken this quiz